Dialegentreilles/ (Record no. 2078)

MARC details
000 -LEADER
campo de control de longitud fija 00593nam a22001937a 4500
003 - IDENTIFICADOR DE NÚMERO DE CONTROL
campo de control OSt
005 - FECHA Y HORA DE LA ÚLTIMA TRANSACCIÓN
campo de control 20220916200133.0
008 - DATOS DE LONGITUD FIJA--INFORMACIÓN GENERAL
campo de control de longitud fija 220916b |||||||| |||| 00| 0 eng d
040 ## - FUENTE DE CATALOGACIÓN
Centro/agencia transcriptor Biblioteca Lado V
082 ## - NÚMERO DE LA CLASIFICACIÓN DECIMAL DEWEY
Número de clasificación 750
Número de ítem H565d
100 ## - ENTRADA PRINCIPAL--NOMBRE DE PERSONA
Nombre de persona Herrera Ysla, Nelson
Término indicativo de función/relación texto
245 ## - MENCIÓN DEL TÍTULO
Título Dialegentreilles/
Resto del título Sabanas Pintadas/
260 ## - PUBLICACIÓN, DISTRIBUCIÓN, ETC.
Lugar de publicación, distribución, etc. Cuba
Nombre del editor, distribuidor, etc. Govern de les illes Balears
Fecha de publicación, distribución, etc. 2001
300 ## - DESCRIPCIÓN FÍSICA
Extensión 127p.
Dimensiones 18x30cm
700 ## - ENTRADA AGREGADA--NOMBRE PERSONAL
Nombre de persona Pascual, Joan
Término indicativo de función/relación texto
700 ## - ENTRADA AGREGADA--NOMBRE PERSONAL
Nombre de persona Corominas Madurell, Maria Jose
Término indicativo de función/relación texto
700 ## - ENTRADA AGREGADA--NOMBRE PERSONAL
Nombre de persona Alfonso, Gerardo
Término indicativo de función/relación texto
942 ## - ELEMENTOS DE ENTRADA SECUNDARIOS (KOHA)
Fuente del sistema de clasificación o colocación Clasificación Decimal Dewey
Tipo de ítem Koha Libros
Parte de la signatura que corresponde a la clasificación (Parte de la clasificación) 750
Parte de la signatura que identifica el ejemplar (Parte del ítem) H565d
Suprimir en OPAC No
Holdings
Estatus retirado Estado de pérdida Fuente del sistema de clasificación o colocación Estado de daño No para préstamo Biblioteca de origen Biblioteca actual Fecha de adquisición Número de inventario Total de préstamos Signatura topográfica completa Código de barras Visto por última vez Precio de reemplazo Tipo de ítem Koha
    Clasificación Decimal Dewey     Biblioteca LadoV Biblioteca LadoV 16/09/2022 001393   750 H565d 001393 16/09/2022 16/09/2022 Libros